| 000 | 00343nam a2200133Ia 4500 | ||
|---|---|---|---|
| 008 | 240624s9999 xx 000 0 und d | ||
| 041 | _aeng | ||
| 082 | _a339 MIL | ||
| 100 | _aMILES DAVID | ||
| 245 | _aMACROECONOMICS UNDERSTANDING THE WEALTH | ||
| 260 |
_c2008 _aNew Delhi _bWiley India |
||
| 300 | _a610 : p. : cm. ; 24 | ||
| 365 |
_cRS _b33.33 |
||
| 999 |
_c11241 _d11241 |
||